The two towers / (Record no. 9605)

MARC details
000 -LEADER
fixed length control field 01500nam a22002897a 4500
001 - CONTROL NUMBER
control field 9605
003 - CONTROL NUMBER IDENTIFIER
control field FISKH
005 - DATE AND TIME OF LATEST TRANSACTION
control field 20260126095300.0
008 - FIXED-LENGTH DATA ELEMENTS--GENERAL INFORMATION
fixed length control field 260126b cb ||||| |||| 00| 0 eng d
020 ## - INTERNATIONAL STANDARD BOOK NUMBER
International Standard Book Number 9780261102361
040 ## - CATALOGING SOURCE
Original cataloging agency FISKH
Language of cataloging eng
Transcribing agency FISKH
Modifying agency FISKH
050 ## - LIBRARY OF CONGRESS CALL NUMBER
Classification number PR6039 .O32
082 ## - DEWEY DECIMAL CLASSIFICATION NUMBER
Classification number 823.087661
100 ## - MAIN ENTRY--PERSONAL NAME
Personal name Tolkien , J. R. R.
245 ## - TITLE STATEMENT
Title The two towers /
Statement of responsibility, etc. By J. R. R. Tolkien
260 ## - PUBLICATION, DISTRIBUTION, ETC.
Place of publication, distribution, etc. London :
Name of publisher, distributor, etc. Harper Collins Publishers ,
Date of publication, distribution, etc. 1954 .
300 ## - PHYSICAL DESCRIPTION
Extent 971 pages :
Other physical details illustrations ;
Dimensions maps ,
490 ## - SERIES STATEMENT
Series statement The lord of the rings
Volume/sequential designation Part 2
505 ## - FORMATTED CONTENTS NOTE
Formatted contents note T <br/>
520 ## - SUMMARY, ETC.
Summary, etc. The Two Towers is the second part of J.R.R. Tolkien's epic adventure, The Lord of the Rings. Frodo and the companions of the Ring have been beset by danger during their quest to prevent the Ruling Ring from falling into the hands of the Dark Lord, Sauron, by destroying it in the Cracks of Doom. They have lost the wizard Gandalf in a battle with an evil spirit int he Mines of Moria; and at the Falls of Rauros, Boromir, seduced by the power of the Ring tried to seize it by force. While Frodo and Sam made their escape, the rest of the company was attacked by Orcs. Now they continue their journey alone down the great River Anduin---alone, that is, save for the mysterious creeping figure that follows wherever they go.
521 8# - TARGET AUDIENCE NOTE
Target audience note 810 <br/>
Source Lexile <br/>
521 8# - TARGET AUDIENCE NOTE
Target audience note T <br/>
Source Raz-Plus <br/>
650 ## - SUBJECT ADDED ENTRY--TOPICAL TERM
Topical term or geographic name entry element Middle Earth
Form subdivision Fiction
650 ## - SUBJECT ADDED ENTRY--TOPICAL TERM
Topical term or geographic name entry element Hobbits
Form subdivision Fiction
942 ## - ADDED ENTRY ELEMENTS (KOHA)
Source of classification or shelving scheme Dewey Decimal Classification
Koha item type Books
Suppress in OPAC No
Holdings
Withdrawn status Lost status Source of classification or shelving scheme Damaged status Not for loan Collection Home library Current library Shelving location Date acquired Total Checkouts Full call number Barcode Date last seen Price effective from Koha item type
    Dewey Decimal Classification     Fiction Footprints International School Library Network Toul Tom Poung Campus Footprints International School Library Network Toul Tom Poung Campus TTP Secondary Fiction Bookshelves 01/26/2026   TOL 823.087661 PR6039 .O32 2026-0121 01/26/2026 01/26/2026 Books